Thiên nhiên hùng vĩ = Impressive nature

Gorde:
Xehetasun bibliografikoak
Egile nagusia: Nguyễn, Thành Tâm
Formatua: Liburua
Hizkuntza:Undetermined
Argitaratua: Thành phố Hồ Chí Minh Thống Kê 2005
Gaiak:
Etiketak: Etiketa erantsi
Etiketarik gabe, Izan zaitez lehena erregistro honi etiketa jartzen!
Thư viện lưu trữ: Trung tâm Học liệu Trường Đại học Cần Thơ
LEADER 00570nam a2200205Ia 4500
001 CTU_92682
008 210402s9999 xx 000 0 und d
020 |c 19000 
082 |a 428 
082 |b T120 
100 |a Nguyễn, Thành Tâm 
245 0 |a Thiên nhiên hùng vĩ = 
245 0 |b Impressive nature 
245 0 |c Nguyễn Thành Tâm 
260 |a Thành phố Hồ Chí Minh 
260 |b Thống Kê 
260 |c 2005 
650 |a English language 
904 |i Nguyên 
980 |a Trung tâm Học liệu Trường Đại học Cần Thơ